000 00419nam a2200145Ia 4500
008 100415s9999 xx 000 0 und d
082 _b10778
100 _aNational Geographycial And Solar Ierrestrian Data Centre
245 _aNational Geographic Vol. 124
260 _aWASHINGTON
_c1963
_bN.G.S
365 _b0
630 _aNational Geographic Vol. 124
730 _aNational Geographic Vol. 124
942 _cBOOK
999 _c593704
_d593701